000 01442cam a2200301 a 4500
001 14928713
003 OSt
005 20230602120737.0
008 070716s2006 tz a b 000 0 eng
010 _a 2007382487
020 _a9987908616
040 _aDLC
_cDLC
043 _af------
082 _a027.060
_bTAN
111 2 _aStanding Conference of Eastern, Central and Southern African Library and Information Associations
_n(17th :
_d2006 :
_cDar es Salaam, Tanzania)
245 1 0 _aSCECSAL XVII :
_blibrarianship as a bridge to an information and knowledge society in eastern, central, and southern Africa : hosted by Tanzania Library Association : Diamond Jubilee Conference Centre, Dar es Salaam, Tanzania, 10-14 July 2006.
246 3 0 _aLibrarianship as a bridge to an information and knowledge society in eastern, central, and southern Africa
246 1 7 _aXVII Standing Conference of Eastern, Central & Southern Africa Library & Information Associations
260 _aDar es Salaam, Tanzania :
_bLibrary and Information Association of Tanzania,
_cc2006.
300 _axviii, 687 p. :
_bill. ;
_c21 cm.
504 _aIncludes bibliographical references.
650 0 _aLibrary science
_zAfrica
_vCongresses.
650 0 _aLibraries
_zAfrica
_vCongresses.
710 2 _aTanzania Library Association.
906 _a7
_bcbc
_corigode
_d3
_encip
_f20
_gy-gencatlg
942 _2ddc
_cBK
999 _c116
_d116